000
00292nam a22001337a 4500
008
170301b xxu||||| |||| 00| 0 eng d
020
_a
9780443066016
041
_a
eng
080
_2
3RD
_a
61
100
_a
6
101
_a
SHM
245
_a
ANESTHESIOLOGY REVIEW
_c
FAUST, R.J
942
_2
udc
_c
BK
999
_c
6489
_d
6489